By grace to graze : (Record no. 7731)

MARC details
000 -LEADER
fixed length control field 01264cam a2200373 i 4500
001 - CONTROL NUMBER
control field 19222769
003 - CONTROL NUMBER IDENTIFIER
control field OSt
005 - DATE AND TIME OF LATEST TRANSACTION
control field 20190218164655.0
008 - FIXED-LENGTH DATA ELEMENTS--GENERAL INFORMATION
fixed length control field 160213s2015 ii a b 000 0 eng d
010 ## - LIBRARY OF CONGRESS CONTROL NUMBER
LC control number 2016319695
020 ## - INTERNATIONAL STANDARD BOOK NUMBER
International Standard Book Number 9788184654974 (paperback)
020 ## - INTERNATIONAL STANDARD BOOK NUMBER
International Standard Book Number 8184654979 (paperback)
025 ## - OVERSEAS ACQUISITION NUMBER
Overseas acquisition number I-E-2016319695
035 ## - SYSTEM CONTROL NUMBER
System control number (OCoLC)ocn939391632
035 ## - SYSTEM CONTROL NUMBER
System control number (OCoLC)939391632
Canceled/invalid control number (OCoLC)923550526
037 ## - SOURCE OF ACQUISITION
Source of stock number/acquisition Library of Congress -- New Delhi Overseas Office
040 ## - CATALOGING SOURCE
Original cataloging agency DKAGE
Language of cataloging eng
Description conventions rda
Transcribing agency DKAGE
Modifying agency YDXCP
-- OCLCQ
-- OCLCO
-- OCLCF
-- DLC
042 ## - AUTHENTICATION CODE
Authentication code lccopycat
-- lcode
050 00 - LIBRARY OF CONGRESS CALL NUMBER
Classification number BV4011.3
Item number .V37 2015
082 04 - DEWEY DECIMAL CLASSIFICATION NUMBER
Classification number 253
Edition number 23
Item number V297b
100 1# - MAIN ENTRY--PERSONAL NAME
Personal name Varghese, Thomas,
Relator term author.
245 10 - TITLE STATEMENT
Title By grace to graze :
Remainder of title a walk through a pastor's life /
Statement of responsibility, etc. Thomas Varghese.
264 #1 - PRODUCTION, PUBLICATION, DISTRIBUTION, MANUFACTURE, AND COPYRIGHT NOTICE
Place of production, publication, distribution, manufacture Delhi :
Name of producer, publisher, distributor, manufacturer ISPCK,
Date of production, publication, distribution, manufacture, or copyright notice 2015.
300 ## - PHYSICAL DESCRIPTION
Extent xv, 196 pages :
Other physical details illustrations ;
Dimensions 25 cm
336 ## - CONTENT TYPE
Content type term text
Content type code txt
Source rdacontent
337 ## - MEDIA TYPE
Media type term unmediated
Media type code n
Source rdamedia
338 ## - CARRIER TYPE
Carrier type term volume
Carrier type code nc
Source rdacarrier
504 ## - BIBLIOGRAPHY, ETC. NOTE
Bibliography, etc. note Includes bibliographical references (pages 193-196).
650 #0 - SUBJECT ADDED ENTRY--TOPICAL TERM
Topical term or geographic name entry element Pastoral theology.
710 2# - ADDED ENTRY--CORPORATE NAME
Corporate name or jurisdiction name as entry element I.S.P.C.K. (Organization)
906 ## - LOCAL DATA ELEMENT F, LDF (RLIN)
a 7
b cbc
c copycat
d 3
e ncip
f 20
g y-gencatlg
942 ## - ADDED ENTRY ELEMENTS (KOHA)
Source of classification or shelving scheme Dewey Decimal Classification
Koha item type Books
Holdings
Withdrawn status Lost status Source of classification or shelving scheme Damaged status Not for loan Collection code Home library Current library Shelving location Date acquired Cost, normal purchase price Total Checkouts Full call number Barcode Date last seen Date last checked out Price effective from Koha item type
    Dewey Decimal Classification     Non-fiction Harvest Mission College Harvest Mission College General Stacks 18.02.2019 250.00 1 253 V297b 008864 03.12.2024 02.12.2024 18.02.2019 Books
    Dewey Decimal Classification     Non-fiction Harvest Mission College Harvest Mission College General Stacks 06.11.2019   1 253 V297b 010039 03.12.2024 02.12.2024 06.11.2019 Books

OPAC Designed and Maintained by HMC Library Team.
Copyright © HMC Library,Greater Noida, UP.
For any Suggestions/Query Contact library via Email:libhmc@gmail.com